What makes a rule complex? (Record no. 517631)

000 -LEADER
fixed length control field 01112nam a22001577a 4500
008 - FIXED-LENGTH DATA ELEMENTS--GENERAL INFORMATION
fixed length control field 210722b ||||| |||| 00| 0 eng d
100 ## - MAIN ENTRY--PERSONAL NAME
Personal name Oprea, Ryan
245 ## - TITLE STATEMENT
Title What makes a rule complex?
260 ## - PUBLICATION, DISTRIBUTION, ETC. (IMPRINT)
Place of publication, distribution, etc The American Economic Review
300 ## - PHYSICAL DESCRIPTION
Extent 110(12), Dec, 2020: p.3913-3951
520 ## - SUMMARY, ETC.
Summary, etc We study the complexity of rules by paying experimental subjects to implement a series of algorithms and then eliciting their willingness-to-pay to avoid implementing them again in the future. The design allows us to examine hypotheses from the theoretical "automata" literature about the characteristics of rules that generate complexity costs. We find substantial aversion to complexity and a number of regularities in the characteristics of rules that make them complex and costly for subjects. Experience with a rule, the way a rule is represented, and the context in which a rule is implemented (mentally versus physically) also influence complexity. – Reproduced
650 ## - SUBJECT ADDED ENTRY--TOPICAL TERM
Topical term or geographic name as entry element Empirical analysis
9 (RLIN) 27563
773 ## - HOST ITEM ENTRY
Main entry heading The American Economic Review
906 ## - LOCAL DATA ELEMENT F, LDF (RLIN)
Subject DIP CONSUMER ECONOMICS
942 ## - ADDED ENTRY ELEMENTS (KOHA)
Item type Articles
Holdings
Withdrawn status Lost status Source of classification or shelving scheme Damaged status Not for loan Permanent location Current location Date acquired Serial Enumeration / chronology Barcode Date last seen Koha item type
          Indian Institute of Public Administration Indian Institute of Public Administration 2021-07-22 110(12), Dec, 2020: p.3913-3951 AR124907 2021-07-22 Articles

Powered by Koha